| 000 | 00922nam a22002297a 4500 | ||
|---|---|---|---|
| 999 |
_c5569 _d5569 |
||
| 003 | AR-CdUCM | ||
| 008 | 190312b ||||| |||| 00| 0 spa d | ||
| 040 |
_aMUNICIPALIDAD PROVINCIAL DEL CUSCO _cBIBLIOTECA MUNICIPAL DEL CUSCO |
||
| 082 |
_a913.85 / _bAR76 |
||
| 110 |
_aCasa de la Cultura del Perú _96211 |
||
| 245 |
_aArqueología peruana : _bprecursores / |
||
| 260 |
_aLima : _bVIillanueva S.A. _c1970. |
||
| 300 |
_a240 páginas ; _bilustraciones, _c16 cm. |
||
| 500 |
_aAntes del título: Llano Zapata, Ulloa, Unane, Rivero, Sartiges, Bollaert, Polo, Squier, Middendorf, Larrabure, Wiener, Bandelier, González de la Rosa. _zIncluye referencias bibliográficas. |
||
| 650 |
_aArqueólogos peruanos _916675 |
||
| 650 |
_aBibibliografía. _916676 |
||
| 650 |
_aExtractos _916677 |
||
| 700 |
_aBonavia Berber, Duccio _916678 |
||
| 700 |
_aRavines Sánchez, Rogger H. _916679 |
||
| 942 |
_2ddc _cLIBROS |
||
| 945 | _araen | ||